000 00313nam a2200097Ia 4500
008 220120s9999||||xx |||||||||||||| ||und||
100 _aPAVITHRA P P
_912164
245 0 _aManually controlled robot using artifical intelligence
260 _aCoorg Institute of Technology
_bPonnampet
_c2009
650 _aCOMPUTER SCIENCE
999 _c137750
_d137750